UK Sitcoms Cast (BBC) II Quiz Stats

 Plays Quiz not verified by Sporcle

Challenge
Share
Tweet
Embed
Score 0/210 Timer 15:00
0 Plays Today
Hint Answer % Correct
The Bed Sit GirlSheila Hancock
81.5%
Hancock's Half HourTony Hancock
81.5%
Two Pints of Lager and a Packet of CrispsSheridan Smith
75.9%
MirandaMiranda Hart
72.2%
ChefLenny Henry
70.4%
Not Going OutLee Mack
70.4%
I Didn't Know You CaredLiz Smith
68.5%
SykesEric Sykes
63%
Beggar My NeighbourPeter Jones
61.1%
The Hitch-Hiker's Guide to the GalaxySimon Jones
61.1%
The Hitch-Hiker's Guide to the GalaxyPeter Jones
61.1%
Mrs Merton & MalcolmCaroline Aherne
61.1%
Mrs Merton & MalcolmCraig Cash
61.1%
My HeroArdal O'Hanlon
61.1%
Seconds OutKen Jones
61.1%
Early DoorsCraig Cash
61.1%
Nighty NightJulia Davis
61.1%
ClarenceRonnie Barker
59.3%
The Magnificent EvansRonnie Barker
59.3%
Hancock's Half HourSid James
59.3%
Grace and FavourWendy Richard
53.7%
Two Pints of Lager and a Packet of CrispsRalf Little
53.7%
SykesHattie Jacques
53.7%
Come Back Mrs NoahMollie Sugden
52.1%
Grace and FavourMollie Sugden
51.9%
Grace and FavourJohn Inman
51.9%
Happy FamiliesDawn French
50%
Let Them Eat CakeDawn French
50%
Wild WestDawn French
50%
Happy FamiliesJennifer Saunders
48.1%
Happy FamiliesJennifer Saunders
48.1%
Happy FamiliesJennifer Saunders
48.1%
Happy FamiliesJennifer Saunders
48.1%
Happy FamiliesJennifer Saunders
48.1%
Let Them Eat CakeJennifer Saunders
48.1%
The Life and Times of Vivienne VyleJennifer Saunders
48.1%
Not Going OutTim Vine
48.1%
Agony AgainMaureen Lipman
46.3%
Game OnSamantha Janus
46.3%
Two Pints of Lager and a Packet of CrispsWill Mellor
44.4%
The Gnomes of DulwichTerry Scott
38.9%
Down to EarthRichard Briers
38.9%
Goodbye Mr KentRichard Briers
38.9%
Hugh and ITerry Scott
38.9%
The Other OneRichard Briers
38.9%
Swiss ToniCharlie Higson
38.9%
Happy FamiliesAdrian Edmondson
37%
PotterArthur Lowe
37%
Grace and FavourFrank Thornton
35.2%
ChefCaroline Lee Johnson
35.2%
Next of KinPenelope Keith
35.2%
Sweet SixteenPenelope Keith
35.2%
Not Going OutKaty Wix
35.2%
First of the Summer WinePeter Sallis
33.3%
The MistressFelicity Kendal
33.3%
Not in Front of the ChildrenWendy Craig
33.3%
MirandaTom Ellis
33.3%
SykesDeryck Guyler
33.3%
The Prince of DenmarkRonnie Corbett
33.3%
Goodbye Mr KentHannah Gordon
31.5%
Then Churchill Said To MeFrankie Howerd
31.5%
Whoops BaghdadFrankie Howerd
31.5%
Joint AccountHannah Gordon
31.5%
Ain't Misbehavin'Peter Davison
29.6%
DadGeorge Cole
29.6%
Don't Forget To WriteGeorge Cole
29.6%
Keeping MumStephanie Cole
29.6%
Life As We Know ItStephanie Cole
29.6%
MirandaPatricia Hodge
29.6%
ScreamingGwen Taylor
29.6%
Hint Answer % Correct
Sink or SwimPeter Davison
29.6%
You Must Be The HusbandTim Brooke Taylor
29.6%
Two Pints of Lager and a Packet of CrispsNatalie Casey
27.8%
ClarenceJosephine Tewson
25.9%
Game OnNeil Stuke
25.9%
Whoops BaghdadJosephine Tewson
25.9%
Nighty NightAngus Deayton
25.9%
Not Going OutSally Bretton
25.9%
BeastAlexander Armstrong
24.1%
Beggar My NeighbourJune Whitfield
24.1%
Joint AccountPeter Egan
24.1%
L For LesterBrian Murphy
24.1%
MirandaSally Phillips
24.1%
RosiePaul Greenwood
24.1%
The Growing Pains of PC PenrosePaul Greenwood
24.1%
SykesRichard Wattis
24.1%
Two Pints of Lager and a Packet of CrispsBeverley Callard
24.1%
HippiesSally Phillips
24.1%
The ClairvoyantSandra Dickinson
22.2%
The Hitch-Hiker's Guide to the GalaxySandra Dickinson
22.2%
Whoops BaghdadDerek Francis
22.2%
A Prince Among MenChris Barrie
22.2%
The RiverKaty Murphy
22.2%
Bonjour La ClasseNigel Planer
22.2%
An Actor's Life For MeJohn Gordon Sinclair
20.4%
Agony AgainMaria Charles
20.4%
ChalkNicola Walker
20.4%
Don't Forget To WriteGwen Watford
20.4%
The Gnomes of DulwichHugh Lloyd
20.4%
Happy FamiliesStephen Fry
20.4%
The Hitch-Hiker's Guide to the GalaxyDavid Dixon
20.4%
Hugh and IHugh Lloyd
20.4%
No FrillsBelinda Sinclair
20.4%
Early DoorsPhil Mealey
20.4%
Early DoorsJohn Henshaw
20.4%
Come Back Mrs NoahIan Lavender
18.8%
The Hello Goodbye ManIan Lavender
18.5%
The Peter PrincipleJim Broadbent
18.5%
MirandaSarah Hadland
18.5%
ScreamingJill Baker
18.5%
You Must Be The HusbandDiane Keen
18.5%
The Bed Sit GirlDerek Nimmo
16.7%
DadKevin McNally
16.7%
The High LifeAlan Cumming
16.7%
Wild WestCatherine Tate
16.7%
Two Pints of Lager and a Packet of CrispsKathryn Drysdale
16.7%
An Actor's Life For MeGina McKee
14.8%
The Bed Sit GirlDilys Laye
14.8%
ChalkDavid Bamber
14.8%
The ClairvoyantRoy Kinnear
14.8%
DadJulia Hills
14.8%
Game OnMatthew Cottle
14.8%
Lazarus and DingwallStephen Frost
14.8%
LuvSue Johnston
14.8%
Seconds OutRobert Lindsay
14.8%
Side by SideGareth Hunt
14.8%
HippiesSimon Pegg
14.8%
Ain't Misbehavin'Nicola Pagett
13%
Beggar My NeighbourPat Coombs
13%
The Hitch-Hiker's Guide to the GalaxyMark Wing Davey
13%
Then Churchill Said To MeNicholas Courtney
13%
Life As We Know ItRichard Wilson
13%
ScreamingPenelope Wilton
13%
Seconds OutLeslie Ash
13%
Sharon and ElsieBrigit Forsyth
13%
Sink or SwimRobert Glenister
13%
Come Back Mrs NoahDonald Hewlett
12.5%
An Actor's Life For MeVictor Spinetti
11.1%
Bachelor FatherIan Carmichael
11.1%
BeastDoon Mackichan
11.1%
Hint Answer % Correct
Beggar My NeighbourReg Varney
11.1%
Down to EarthChristopher Blake
11.1%
The High LifeSiobhan Redmond
11.1%
You Must Be The HusbandSheila Steafel
11.1%
I Didn't Know You CaredRobin Bailey
11.1%
Lazarus and DingwallMark Arden
11.1%
No FrillsKathy Staff
11.1%
The RiverDavid Essex
11.1%
Sharon and ElsieJanette Beverley
11.1%
Sitting PrettyDiane Bull
11.1%
Nighty NightRebecca Front
11.1%
The Life and Times of Vivienne VyleMiranda Richardson
11.1%
The Prince of DenmarkRosemary Leach
10.4%
Down to EarthKirsten Cooke
9.3%
Every Silver LiningFrances de la Tour
9.3%
Every Silver LiningAndrew Sachs
9.3%
First of the Summer WineRichard Lumsden
9.3%
Get BackRay Winstone
9.3%
Get BackLarry Lamb
9.3%
The Hitch-Hiker's Guide to the GalaxyStephen Moore
9.3%
The Hitch-Hiker's Guide to the GalaxyRichard Vernon
9.3%
Next of KinWilliam Gaunt
9.3%
RosieTony Haygarth
9.3%
Seconds OutLee Montague
9.3%
Sitting PrettyAlison Lomas
9.3%
Sitting PrettyHeather Tobias
9.3%
Streets ApartAmanda Redman
9.3%
Streets ApartJames Hazeldine
9.3%
So Haunt MeTessa Peake-Jones
8.3%
So Haunt MeMiriam Karlin
8.3%
Get BackKate Winslet
7.4%
Happy FamiliesHelen Lederer
7.4%
Health and EfficiencyGary Olsen
7.4%
The High LifeForbes Masson
7.4%
How Do You Want Me? Charlotte Coleman
7.4%
I Didn't Know You CaredJohn Comer
7.4%
Joking ApartRobert Bathurst
7.4%
Joking ApartFiona Gillies
7.4%
Keeping MumMartin Ball
7.4%
Keeping MumDavid Haig
7.4%
Keeping MumMeera Syal
7.4%
LeavingKeith Barron
7.4%
Let Them Eat CakeAlison Steadman
7.4%
No FrillsKatharine Schlesinger
7.4%
The Other OneMichael Gambon
7.4%
Side by SideLouisa Rix
7.4%
HippiesJulian Rhind-Tutt
7.4%
So Haunt MeGeorge Costigan
6.3%
First of the Summer WineDavid Fenwick
5.6%
First of the Summer WinePaul McLain
5.6%
First of the Summer WinePaul Wyett
5.6%
Health and EfficiencyFelicity Montagu
5.6%
The Hello Goodbye ManMary Tamm
5.6%
LuvMichael Angelis
5.6%
The MistressJane Asher
5.6%
Not in Front of the ChildrenRonald Hines
5.6%
The Peter PrincipleClaire Skinner
5.6%
The Growing Pains of PC PenroseBryan Pringle
5.6%
Sink or SwimSara Corper
5.6%
Sweet SixteenChristopher Villiers
5.6%
Nighty NightMark Gatiss
5.6%
HippiesDarren Boyd
5.6%
Health and EfficiencyRoger Lloyd Pack
3.7%
How Do You Want Me? Dylan Moran
3.7%
LeavingSusan Hampshire
3.7%
The MistressJack Galloway
3.7%
Nice Day at the OfficeTimothy Spall
3.7%
Nice Day at the OfficeAnna Massey
3.7%
PotterNoel Dyson
3.7%
Nice Day at the OfficeJohn Sessions
1.9%

You're not logged in!

Compare scores with friends on all Sporcle quizzes.
Join for Free
OR
Log In

You Might Also Like...

Show Comments

Extras

Created Jun 3, 2016ReportNominate
Tags:bbc

Top Quizzes Today


Score Distribution

Your Account Isn't Verified!

In order to create a playlist on Sporcle, you need to verify the email address you used during registration. Go to your Sporcle Settings to finish the process.

Report this User

Report this user for behavior that violates our Community Guidelines.

Details: